00278pab a2200121 454500008004000000100001900040245003300059260000900092300001000101362000900111650002000120773001600140180718b1984 xxu||||| |||| 00| 0 eng d aStreeton, Paul aBasic needs and human rights c1984 a10-12 aJune aCivil Liberties aDevelopment